Familia, comunidad y territorio
Gespeichert in:
| 1. Verfasser: | |
|---|---|
| Format: | Buch |
| Sprache: | Spanisch |
| Veröffentlicht: |
Valparaíso
Ediciones Universitarias de Valparaíso
2014
|
| Ausgabe: | 1a. ed |
| Schlagworte: | |
| Tags: |
Tag hinzufügen
Keine Tags, Fügen Sie den ersten Tag hinzu!
|
MARC
| LEADER | 00000cam a2200000 a 4500 | ||
|---|---|---|---|
| 001 | UCE3061 | ||
| 003 | CL-VaPUC | ||
| 008 | 140814e20140000cl |||||||||||||||||spa|d | ||
| 020 | |a 9789561705944 | ||
| 082 | 0 | 4 | |a 303.44 |b BOR |2 21 |
| 100 | 0 | |a Bork Vega, Adela |e author |9 575560 | |
| 245 | 1 | 0 | |a Familia, comunidad y territorio |
| 250 | |a 1a. ed | ||
| 300 | |a 166 p | ||
| 942 | |c BK | ||
| 945 | |d 20140814 14:58:00 |a arojas | ||
| 260 | |a Valparaíso |b Ediciones Universitarias de Valparaíso |c 2014 | ||
| 650 | 0 | |a Procesos sociales |9 337802 | |
| 650 | 7 | |a CAMBIO SOCAL |2 CL-VaPUC |9 462324 | |
| 650 | 0 | |a Familias |9 255641 | |
| 650 | 0 | |a Comunidad |9 308730 | |
| 650 | 0 | |a Territorio |9 378883 | |
| 583 | |a last modification |c 20190315 01:28:47 |k Rodrigo Vera | ||
| 999 | |c 356512 |d 356510 | ||
| 952 | |0 0 |1 0 |3 ebr |4 0 |6 303_440000000000000_BOR_2014 |7 0 |8 A |9 463928 |a BIBGIM |b BIBGIM |i 5094119 |o 303.44 BOR 2014 |p 5094119 |r 2025-01-15 |w 2019-11-23 |y BK |z Catalogado en:20140814 |k GIM | ||
| 952 | |0 0 |1 0 |3 erb |4 0 |6 303_440000000000000_BOR_2014 |7 0 |8 A |9 463929 |a BIBGIM |b BIBGIM |i 5094127 |o 303.44 BOR 2014 |p 5094127 |r 2025-01-15 |w 2019-11-23 |y BK |z Catalogado en:20140814 |k GIM | ||
| 952 | |0 0 |1 0 |3 erb |4 0 |6 303_440000000000000_BOR_2014 |7 0 |8 A |9 463930 |a BIBEDU |b BIBEDU |i 5094135 |l 1 |o 303.44 BOR 2014 |p 5094135 |r 2022-04-26 |s 2022-04-26 |w 2019-11-23 |y BK |z Catalogado en:20140814 |k EDU | ||
| 952 | |0 0 |1 0 |3 erb |4 0 |6 303_440000000000000_BOR_2014 |7 0 |8 A |9 463931 |a BIBEDU |b BIBEDU |i 5094143 |l 1 |o 303.44 BOR 2014 |p 5094143 |r 2022-04-26 |s 2022-04-26 |w 2019-11-23 |y BK |z Catalogado en:20140814 |k EDU | ||
| 952 | |0 0 |1 0 |3 erb |4 0 |6 303_440000000000000_BOR_2014 |7 0 |8 X |9 463932 |a FDOBUD |b FDOBUD |i 5303192 |o 303.44 BOR 2014 |p 5303192 |r 2019-11-23 |w 2019-11-23 |y BK_X |z Catalogado en:20160505 |k FHP | ||
| 952 | |0 0 |1 0 |3 erb |4 0 |6 303_440000000000000_BOR_2014 |7 0 |8 A |9 463933 |a BIBGIM |b BIBGIM |i 5536057 |o 303.44 BOR 2014 |p 5536057 |r 2025-01-15 |w 2019-11-23 |y BK |z Catalogado en:20190315 |k MTS | ||